000 00207nam a2200085Ia 4500
008 170617s9999 xx 000 0 und d
100 _aKar Ashutosh
245 0 _aPharmacology & Pharmacoboitecchnology
260 _bNew Age
260 _c2009
999 _c15797
_d15797